000 00420 a2200121 4500
001 ART_53392
005 20260410161811.0
008 260409a
245 1 0 _aLa rana que hierve lentamente o cómo ser empresario argentino y no morir en el intento
100 1 _aBarreiro, Marcelo G.
700 1 _aTruffat, Edgardo Daniel
773 0 _tDoctrina Societaria y Concursal
_g- N° 406 (sep. 2021)
_wREV4298
999 _c21449
_d21449